Tư liệu về cây lạc đậu phộng

Đã lưu trong:
书目详细资料
主要作者: Đặng Trần Phú (dịch)
其他作者: Lê Trường (dịch), Nguyễn Hồng Nhi (dịch), Nguyễn Xuân Hiểu (dịch)
格式: 图书
出版: H. Khoa học và Kỹ thuật 1977
主题:
标签: 添加标签
没有标签, 成为第一个标记此记录!
Thư viện lưu trữ: Trung tâm Học liệu Lê Vũ Hùng, Trường Đại học Đồng Tháp
LEADER 00919pam a22002538a 4500
001 00018760
005 20171026081022.0
008 110429s1977 ||||||Viesd
041 0 # |a Vie 
082 1 4 |a 633.3  |b T550L 
100 0 # |a Đặng Trần Phú  |e dịch 
245 0 0 |a Tư liệu về cây lạc  |b đậu phộng  |c Đặng Trần Phú, Lê Trường, Nguyễn Hồng Nhi, Nguyễn Xuân Hiểu 
260 # # |a H.  |b Khoa học và Kỹ thuật  |c 1977 
300 # # |a 167 tr.  |c 21 cm. 
653 # # |a Cây họ đậu 
653 # # |a Cây lạc 
653 # # |a Nông nghiệp 
700 0 # |a Lê Trường  |e dịch 
700 0 # |a Nguyễn Hồng Nhi  |e dịch 
700 0 # |a Nguyễn Xuân Hiểu  |e dịch 
852 # # |b Kho đọc  |j KD.0004146 
852 # # |j KD.0004146 
910 |d 29/04/2011 
980 # # |a Trung tâm Học liệu Lê Vũ Hùng, Trường Đại học Đồng Tháp